00549nam a22001697a 450000500170000001000130001702000260003003500130005603700090006908200170007810000260009524500790012126000360020027000450023630000490028150000490033020210623123604.0 aB-740276 a9788125034315c295.00 aB-740276 bGift a305.80095413 aMohanty, Sachidananda aGender and cultural identity in colonial Orissa /cby Sachidananda Mohanty aHyderabadbOrient Longmanc2008 a3-6-752, HimayatnagarbHyderabade500029 aviii, 176p.: c22cm(pbk)bill. ainclude bibliographical references and index